zpět

Detail výsledku týmu

Restaurace Queen, Olomouc

Datum a čas kvízu

40 Celkem bodů Celkový počet nahraných bodů na tomto kvízu bez doplňovacích otázek.
1. Pořadí na kvízu Konečné umístění týmu na tomto kvízu.

Zaznamenané odpovědi

# Otázka Odpověď Body Výsledky
1. Napište čtyři slova, jimiž něk... Společnost pro podporu Ukrajiny 1
2. Parašutista Nicolas Scarabrin... oko jehly 1
3. Lístek na premiéru tohoto film... Melania 1
4. Tým španělských vědců vedený D... slinivky 1
5. Ve kterém evropském státě nabí... ve Španělsku 0
6. Na obrázku níže můžete vidět d... Drákula a Frankenstein 0.5
7. Co by to bylo za hororové téma... D 1
8. Ze které (převážně videoherní)... Resident Evil 1
9. Přiřaďte herce a herečky k jej... 1D 2C 3A 4B 1
10. Čím je inspirován česko-americ... D 1